| 000 | 00490nam a2200157 i 4500 | ||
|---|---|---|---|
| 001 | 57190 | ||
| 003 | ES-MaACL | ||
| 005 | 20230906163530.0 | ||
| 007 | t| | ||
| 008 | 031015q1942 sp ||||1| spa d | ||
| 100 | 1 |
_aDittmer, Hans. _944887 |
|
| 245 | 1 | 3 |
_aLa ordenación de los mercados _b: un camino para el saneamiento de la agricultura / _cpor Hans Dittmer. |
| 260 |
_aMadrid : _b[s.n., _c1942?] ( _fBlass) |
||
| 300 |
_a38 p. : _bil. ; _c22 cm. |
||
| 852 |
_aES-MaACL _j1832-F-17 _bR.19583 |
||
| 999 |
_c57190 _d57190 |
||